000 01017nam0a22003011 4500
001 rc\4358238
005 20250612060301.0
021 _aRU
_b[57-50931]
035 _a(NLR Aleph) 008533277
090 _a8301199
_c8301199
100 _a20130416d1957 |||y0rusy50 ca
101 0 _arus
102 _aRU
105 _aa z |||||
200 1 _aСахарный диабет
205 _a4-е изд., испр. и доп.
210 _aКиев
_cГосмедиздат УССР
_d1957
215 _a275 с., 1 л. ил.
_cдиагр.
_d20
225 1 _aБиблиотека практического врача
300 _aПеред загл. авт.: проф. С.Г. Генес, засл. деятель науки
320 _aБиблиогр.: с. 262-272
606 _aДиабет сахарный
_2psbo
700 1 _aГенес
_bС.Г.
_f1898-
_gСемен Григорьевич
801 0 _aRU
_bNLR
_gpsbo
801 1 _aRU
_bELAR
_2rusmarc
852 _aNLR
_j57-3/3934
942 _cBOOK
980 _aNB